All H.E.R. Songs - Statistics

General Stats
  • This quiz has been taken 59 times
    29 since last reset
  • The average score is 36 of 71
Answer Stats
Album Song % Correct
H.E.R. Volume 2, The B-Sides Best Part
95%
H.E.R. Volume 1 Focus
95%
I Used to Know Her: The Prelude Could've Been
80%
H.E.R. Volume 2, The B-Sides 2
75%
Back of My Mind Back of My Mind
75%
Back of My Mind Damage
75%
H.E.R. Volume 1 U
75%
H.E.R. Volume 2 Avenue
70%
Single #5 Comfortable
70%
H.E.R. Volume 2 Every Kind of Way
70%
Back of My Mind Slide
65%
Back of My Mind Come Through
60%
I Used to Know Her: Part 2 Hard Place
60%
H.E.R. Volume 2 I Won't
60%
H.E.R. Volume 1 Jungle
60%
H.E.R. Volume 1 Losing
60%
H.E.R. Volume 2 Say It Again
60%
H.E.R. Volume 2 Still Down
60%
New Single The Journey
60%
Back of My Mind We Made It
60%
I Used to Know Her: The Prelude As I Am
55%
Back of My Mind Bloody Waters
55%
New Single #3 Change
55%
Back of My Mind Cheat Code
55%
I Used to Know Her: The Prelude Feel a Way
55%
I Used to Know Her: Part 2 I'm Not OK
55%
H.E.R. Volume 2, The B-Sides Let Me In
55%
H.E.R. Volume 2 Lights On
55%
Back of My Mind Lucky
55%
Back of My Mind Mean It
55%
H.E.R. Volume 1 Pigment
55%
Back of My Mind Process
55%
H.E.R. Volume 2, The B-Sides Rather Be
55%
H.E.R. Volume 1 Wait for It
55%
H.E.R. Volume 1 Facts
50%
Back of My Mind For Anyone
50%
H.E.R. Volume 2, The B-Sides Free
50%
H.E.R. Volume 2 Gone Away
50%
Back of My Mind Hold On
50%
I Used to Know Her: Part 2 Take You There
50%
I Used to Know Her: The Prelude Against Me
45%
Back of My Mind Closer to Me
45%
Back of My Mind Don't
45%
Back of My Mind Find a Way
45%
H.E.R. Volume 2, The B-Sides Hopes Up
45%
Single #7 I Can't Breathe
45%
Back of My Mind My Own
45%
Back of My Mind Paradise
45%
Superfly (Original Motion Picture Soundtrack) This Way
45%
Back of My Mind Trauma
45%
I Used to Know Her: The Prelude Be on My Way (Interlude)
40%
I Used to Know Her: Part 2 Can't Help Me
40%
I Used to Know Her: Part 2 Carried Away
40%
H.E.R. Volume 2 Changes
40%
Single #8 Do to Me
40%
Back of My Mind Exhausted
40%
I Used to Know Her: Part 2 Going (Interlude)
40%
I Used to Know Her: The Prelude Lost Souls
40%
I Used to Know Her: Part 2 Fate
35%
Back of My Mind Hard to Love
35%
Back of My Mind I Can Have It All
35%
Single #2 My Song
35%
Single #3 Slow Down
35%
Single #6 Wrong Places
35%
Bruised (Soundtrack from and Inspired by the Netflix Film) Automatic Woman
30%
I Used to Know Her: Part 2 Lord Is Coming
25%
New Single #2 Fight for You
20%
New Single Hold Us Together
20%
Single #4 Sometimes
20%
H.E.R. Volume 1 Facts (Remix)
0%
Single Something to Prove
0%
No matching quizzes found
Score Distribution
Percent of People with Each Score
Percentile by Number Answered
Your Score History
You have not taken this quiz since the last reset